Social Theory, Health and Healthcare : (Record no. 617880)

MARC details
000 -LEADER
fixed length control field 00481nam a2200181 a 4500
008 - FIXED-LENGTH DATA ELEMENTS--GENERAL INFORMATION
fixed length control field 260318s2009##################000#0#eng##
020 ## - INTERNATIONAL STANDARD BOOK NUMBER
ISBN 9781403989536
082 04 - DEWEY DECIMAL CLASSIFICATION NUMBER
Classification number 362.1042
Item number MAC
100 1# - MAIN ENTRY--AUTHOR NAME
Personal name McDonnell, Orla,
245 10 - TITLE STATEMENT
Title Social Theory, Health and Healthcare :
260 ## - PUBLICATION, DISTRIBUTION, ETC. (IMPRINT)
Name of publisher Red Globe Press,
Year of publication 2009.
650 #0 - SUBJECT ADDED ENTRY--TOPICAL TERM
Topical Term Medical.
942 ## - ADDED ENTRY ELEMENTS (KOHA)
Koha item type English Books
Holdings
Withdrawn status Lost status Damaged status Not for loan Home library Current library Shelving location Date acquired Full call number Accession Number Price effective from Koha item type
        Anna Centenary Library Anna Centenary Library 4TH FLOOR, A WING 18.03.2026 362.1042 MAC 306099 18.03.2026 English Books

Find us on the map